| 000 | 01137nam a2200289 i 4500 | ||
|---|---|---|---|
| 001 | 15832 | ||
| 003 | DO-SdUEMH | ||
| 005 | 20260213142232.0 | ||
| 007 | ta | ||
| 008 | 211105s2000||||dr |||gr|||| 0|| | spa d | ||
| 040 |
_aDO-SdUEMH _bspa _erda |
||
| 041 | _aspa | ||
| 082 | 1 | 4 |
_aRD 378.122 T926D _mRD _bT926 |
| 084 | _b08-00629 | ||
| 100 | 1 |
_aTünnermann Bernheim, Carlos _eaut |
|
| 245 |
_aDesafíos del Docente Universitario Ante el Siglo XXI / _cCarlos Tünnermann Bernheim |
||
| 260 | _c2000 | ||
| 264 | 1 |
_aSanto Domingo, República Dominicana : _bBúho, CxA, _c2000 |
|
| 264 | 4 | _c©2000 | |
| 300 |
_a176 páginas : _c21 cm. |
||
| 336 |
_2rdacontent _atexto _btxt |
||
| 337 |
_2rdamedia _asin mediación _bn |
||
| 338 |
_2rdacarrier _avolumen _bnc |
||
| 505 | 2 | _aLa libertad de cátedra: piedra angular de la Enseñanza Universitaria -- La declaración mundial sobre la educación superior en el Siglo XXI: una lectura desde América Latina y el Caribe -- La educación permanente y su impacto en la Educación Superior -- Desafíos del docente universitario en la educación del siglo XXI. | |
| 942 |
_2ddc _cBK _n0 |
||
| 999 |
_c15832 _d15832 |
||